LEADER 01617nam a2200325 u 4500 001 000000002850 003 CaOOAMICUS 005 20070226104457.0 008 941128s1894 fr a u000 u fre u 035 $a10071628 040 $aCOO$bita$cCOO$dHCH$dSTF$dCStRLIN$dAAR$dPUL(R) 051 $aBL820.V6$bB3 082 $a292 s 100 1 $aBaudrillart, André,$d1862-$0(OLS)http://pul/name/3029 245 14$aLes divinités de la victoire en Grèce et en Italie d'après les textes et les monuments figurés /$cpar André Baudrillart .. 260 $aParis :$bThorin & fils,$c1894. 300 $a96 p. :$biil. ;$c24 cm 490 1 $aBibliothèque des écoles françaises d'Athènes et de Rome ;$vfasc. 68 650 0$aNike (Greek deity).$2//eng$0(OLS)http://pul/subject/2531 650 0$aVictoria (Roman deity).$2//eng$0(OLS)http://pul/subject/2532 651 0$aGreece$xAntiquities.$2//eng$0(OLS)http://pul/subject/1106 651 0$aRome$xAntiquities.$2//eng$0(OLS)http://pul/subject/2458 830 0$aBibliothèque des écoles françaises d'Athènes et de Rome ;$vfasc. 68.$0(OLS)http://pul/title/260 850 $aPUL 852 $aPUL$W1$xDP1 Cons. Gen., Altre Classi 1$y22$m1039 H 1.68$j182848$qStampati$B186056$CPULBib$Z2$F186056 $82 941 1 $a8 996 $6051$aBL820.V6$bB3$9(OLS)http://pul/classification/12 996 $6082$a292 s$9(OLS)http://pul/classification/13 996 $6245$aLes divinités de la victoire en Grèce et en Italie d'après les textes et les monuments figurés$9(OLS)http://pul/title/4153 996 $6260$aParis :$bThorin & fils$9(OLS)http://pul/publisher/49561 LEADER 01276nam a2200289 u 4500 001 000000014945 003 CaOOAMICUS 005 20070226105825.0 008 941010s1990 it ab u000 u ita u 020 $a88-394-0434-1 035 $a10350880 040 $aita$bita 245 00$aFormule di maledizione della Mesopotamia preclassica /$ca cura di Francesco Pomponio. 260 $aBrescia :$bPaideia,$c1990. 300 $a124 p. :$bill., c. geogr. ;$c21 cm 490 1 $aTesti del Vicino Oriente antico.$a2, Letterature mesopotamiche ;$v1 650 4$aIscrizioni assiro-babilonesi.$0(OLS)http://pul/subject/10419 651 4$aMesopotamia$xAntichità.$0(OLS)http://pul/subject/10420 700 1 $aPomponio, Francesco.$0(OLS)http://pul/name/13797 830 0$aTesti del Vicino Oriente antico.$n2,$pLetterature mesopotamiche ;$v1.$0(OLS)http://pul/title/21440 850 $aPUL 852 $aPUL$W1$xSL Religione 3$y85$m291. 205 COLL 1.2.1$j20935$nBK-PRI$qDDC 21$B20935$CPULBib$Z2$F20935 $81 941 1 $a9 961 $aINV: 65284. 996 $6020$a88-394-0434-1$9(OLS)http://pul/number/18970 996 $6245$aFormule di maledizione della Mesopotamia preclassica$9(OLS)http://pul/title/21439 996 $6260$aBrescia :$bPaideia$9(OLS)http://pul/publisher/47884